000 00301 a2200145 4500
001 178528
020 _a
040 _cMagnum
100 _aMálus
240 1 0 _aO menino roal bola
_lpor
245 1 0 _aO menino roal bola
362 0 _a1899
697 _aMAGNITO: I/AVENTURA, CRIANCAS
942 _cBK
999 _c178528
_d178528